01330nam a2200289 a 4500001001200000003000800012006001900020007001500039008004100054020001800095020002700113040002100140035002100161043001200182050002300194245012100217260004900338300002600387504005100413505020200464533015200666650003000818655002900848700002000877710001700897856012600914ebr10651473CaPaEBRm u cr cn|||||||||130206s2013 wlka sb 001 0 eng d z9780708325629 z9780708325636 (e-book) aCaPaEBRcCaPaEBR a(OCoLC)828742576 ae-uk-wl14aHQ789b.U55 2013eb04aThe United Nations Convention on the Rights of the Child in Walesh[electronic resource] /cedited by Jane Williams. aCardiff :bUniversity of Wales Press,c2013. axviii, 230 p. :bill. aIncludes bibliographical references and index.0 apt. I. The UNCRC in Wales-- and Wales in the UNCRC -- pt. II. Making it work : realising children's rights in selected policy areas -- pt. III. Ensuring it works : accountability and participation. aElectronic reproduction.bPalo Alto, Calif. :cebrary,d2013.nAvailable via World Wide Web.nAccess may be limited to ebrary affiliated libraries. 0aChildren's rightszWales. 7aElectronic books.2local1 aWilliams, Jane.2 aebrary, Inc.40uhttp://site.ebrary.com/lib/rucke/Doc?id=10651473zAn electronic book accessible through the World Wide Web; click to view